Papers on the conservation of mineral resources / (Record no. 24833)

MARC details
000 -LEADER
fixed length control field 01969cam a22003731i 4500
001 - CONTROL NUMBER
control field gs 09000198
003 - CONTROL NUMBER IDENTIFIER
control field DLC
005 - DATE AND TIME OF LATEST TRANSACTION
control field 20260227111309.0
008 - FIXED-LENGTH DATA ELEMENTS--GENERAL INFORMATION
fixed length control field 790420s1909 dcuabf f001 0 eng
010 ## - LIBRARY OF CONGRESS CONTROL NUMBER
LC control number gs 09000198
035 ## - SYSTEM CONTROL NUMBER
System control number (OCoLC)4879555
040 ## - CATALOGING SOURCE
Original cataloging agency DLC
Transcribing agency ICharE
Modifying agency OCoLC
-- DLC
043 ## - GEOGRAPHIC AREA CODE
Geographic area code n-us---
050 00 - LIBRARY OF CONGRESS CALL NUMBER
Classification number QE75
Item number .B9 no. 394
051 ## - LIBRARY OF CONGRESS COPY, ISSUE, OFFPRINT STATEMENT
Classification number TN23
Item number .U75 1909
Copy information Copy 2.
110 2# - MAIN ENTRY--CORPORATE NAME
Corporate name or jurisdiction name as entry element Geological Survey (U.S.)
245 10 - TITLE STATEMENT
Title Papers on the conservation of mineral resources /
Remainder of title reprinted from Report of the National Conservation Commission, February, 1909.
260 ## - PUBLICATION, DISTRIBUTION, ETC.
Place of publication, distribution, etc. Washington :
Name of publisher, distributor, etc. Govt. Print. Off.,
Date of publication, distribution, etc. 1909.
300 ## - PHYSICAL DESCRIPTION
Extent 214 p. :
Other physical details xii pl. (part. fold., incl. maps) diagrs. ;
Dimensions 24 cm.
490 1# - SERIES STATEMENT
Series statement Bulletin 394
500 ## - GENERAL NOTE
General note Contents.- Coal fields of the United States, by M.R. Campbell and E.W. Parker.- Estimates of future coal production, by H. Gannett.- The petroleum resources of the United States, by D.T. Day.- Natural-gas resources of the United States, by D.T. Day.- Peat resources of the United States, exclusive of Alaska, by C.A. Davis.- Iron ores of the United States, by C.W. Hayes.- Resources of the United States in gold, silver, copper, lead, and zinc, by W. Lindgren.- The phosphate deposits of the United States, by F.B. Van Horn.- Mineral resources of Alaska, by A.H. Brooks.
500 ## - GENERAL NOTE
General note Includes index.
650 #0 - SUBJECT ADDED ENTRY--TOPICAL TERM
Topical term or geographic name entry element Mines and mineral resources
Geographic subdivision United States.
700 1# - ADDED ENTRY--PERSONAL NAME
Personal name Campbell, Marius R.
Fuller form of name (Marius Robinson),
Dates associated with a name 1858-1940.
700 1# - ADDED ENTRY--PERSONAL NAME
Personal name Parker, Edward W.
Fuller form of name (Edward Wheeler),
Dates associated with a name 1860-
700 1# - ADDED ENTRY--PERSONAL NAME
Personal name Gannett, Henry,
Dates associated with a name 1846-1914.
700 1# - ADDED ENTRY--PERSONAL NAME
Personal name Day, David T.
Fuller form of name (David Talbot),
Dates associated with a name 1859-1925.
700 1# - ADDED ENTRY--PERSONAL NAME
Personal name Davis, Charles Albert,
Dates associated with a name 1861-1916.
700 1# - ADDED ENTRY--PERSONAL NAME
Personal name Hayes, C. W.
Fuller form of name (Charles Willard),
Dates associated with a name 1859-1916.
700 1# - ADDED ENTRY--PERSONAL NAME
Personal name Lindgren, Waldemar,
Dates associated with a name 1860-1939.
700 1# - ADDED ENTRY--PERSONAL NAME
Personal name Van Horn, Frank Benjamin,
Dates associated with a name 1877-
700 1# - ADDED ENTRY--PERSONAL NAME
Personal name Brooks, Alfred H.
Fuller form of name (Alfred Hulse),
Dates associated with a name 1871-1924.
810 2# - SERIES ADDED ENTRY--CORPORATE NAME
Corporate name or jurisdiction name as entry element Geological Survey (U.S.).
Title of a work Bulletin ;
Volume/sequential designation 394.

No items available.

Powered by Koha